00793 a2200241 4500008004100000010001400041020002300055035001300078037001800091082001200109100001800121245010200139246004100241246005000282250001200332260004500344300002900389490003100418500002000449650003900469700002200508700002100530080821t xxu||||| |||| 00| 0 eng d aENG-84977 a8175345527c850.00 aEN-68510 bD.B.Act / Pub a346.054 aDiwan, Paras, aLaw of interstate & testamentary successioncby Paras Diwan and Shailendra Jain & Peeyushi Diwan. aInterstate & testamentary succession aLaw of interstate and testamentary succession a3rd ed. aDelhi :bUniversal Law Publishingc2006. acv, 1075 p.c25 cm. (Hb) aIndian personal law series aIncludes index. aInheritance and successionzIndia. aJain, Shailendra. aDiwan, Peeyushi.